Дело о выдаче 6000 рублей на окончание постройки зданий Абовского университета

Доступно только в Электронных читальных залах Найти на картеНа карте
RUSMARC
00004246nmc2a2200000 x 450
001c5daea57-3167-4140-894c-9e17a8f54960
00520170113130059.0
100##$a20140506l18091809k l0rusy0189 ca
1010#$arus
102##$aRU
2001#$aДело о выдаче 6000 рублей на окончание постройки зданий Абовского университета
$j7 февраля - 3 марта 1809 г.
251##$cДело
300##$aДело
300##$aОриг. заголовок дела: Дело по высочайшему повелению, объявленному государственным казначеем, об отпуске 6000 серебром на окончание зданий Абовского университета. 7 февраля 1809 г. - 3 марта 1809 г
801#0$aRU
$bРГИА
$c20140506
$gRCR
801#1$aRU
$bГлавНИВЦ
$c20140506
$2rusmarc
801#2$aRU
$bПБ им. Б.Н. Ельцина
$c20170113
$gRCR
$2rusmarc
850##$aРГИА
852##$aРГИА
$eФедеральное казенное учреждение "Российский государственный исторический архив" (РГИА)
$j111
937##$hРГИА
$d11167889
$aASBIBLIO_SCAN
462#0$10015faafd89-1df2-4e8f-a0ba-1d8a620713c6
$12001
$aДела Департамента народного просвещения по Дерптскому учебному округу за 1802-1836 гг.
$1251
$cОпись
$1852
$j56
461#0$1001a74412a3-3cc5-4d21-8f0a-dfe2fbd9e72d
$12001
$aДепартамент народного просвещения Министерства народного просвещения (1803-1917)
$1251
$cФонд
$1852
$j733
215##$a5 л.
$d36,5х26 см
371##$aДокумент не является опубликованным и широко распространяемым
105##$ay###
1222#$ad
5171#$aДело по высочайшему повелению, объявленному государственным казначеем, об отпуске 6000 серебром на окончание зданий Абовского университета. 7 февраля 1809 г. - 3 марта 1809 г.
035##$ac5daea57-3167-4140-894c-9e17a8f54960
856##$uhttp://readingroom.main.prlib.ru/item.aspx?id_node=n94247666&mode=full
Формат отображения